[Event "DVM U12 2010"]
[Site "Templin OT Groß Dölln GER"]
[Date "2010.12.29"]
[Round "5"]
[White "Laubrock, Paul"]
[Black "Wegmann, Sven"]
[Result "1-0"]
[Termination "normal"]
[Board "6.2"]
[WhiteElo "1377"]
[BlackElo "1656"]
[WhiteTeam "Hagener SV"]
[BlackTeam "SC Erlangen"]
[WhiteFideId "1270509"]
[BlackFideId "1270756"]
[EventCountry "GER"]
[EventRounds "7"]
[EventType "team-swiss"]
[EventDate "2010.12.26"]

1. d4 d5 2. Bf4 e6 3. Qd2 c5 4. e3 Nc6 5. Nc3 Nf6 6. f3 Be7 7. Nge2 Qb6 8.
O-O-O Nh5 9. Kb1 Qd8 10. g4 Nxf4 11. Nxf4 a6 12. Qf2 b5 13. Kc1 Bb7 14. Be2 g6
15. h4 Qb6 16. Qg1 cxd4 17. exd4 Bf6 18. Kb1 Bxd4 19. Qe1 Qa5 20. g5 b4 21. Na4
Qxa4 22. Nxd5 Qa5 23. Nf4 O-O-O 24. Nd3 Qb6 25. Qg3 a5 26. Qf4 Qc7 27. Qg4 Rhf8
28. Rhe1 Kb8 29. h5 Qb6 30. hxg6 hxg6 31. f4 a4 32. Bf3 Ne7 33. Bxb7 Qxb7 34.
Qg3 Nf5 35. Qh2 b3 36. c3 bxa2+ 37. Ka1 Bg7 38. Qc2 Qc6 39. Nb4 Qb5 40. Rxd8+
Rxd8 41. Rd1 Rc8 42. Kxa2 Ne3 43. Qd3 Nxd1 44. Qxb5+ Kc7 45. Qc6+ Kd8 46. Qd6+
Ke8 47. Qxd1 Ra8 48. Qd6 Rc8 49. Na6 a3 50. Nc7+ Rxc7 51. Qxc7 axb2 52. Kxb2
Bh8 53. Qc8+ Ke7 54. Qxh8 Kd6 55. Qe5+ Ke7 56. Kb3 Ke8 57. Qd6 e5 58. fxe5 f5
59. exf6 Kf7 60. Qe7+ Kg8 61. Qg7# 1-0

[Event "DVM U12 2010"]
[Site "Templin OT Groß Dölln GER"]
[Date "2010.12.29"]
[Round "5"]
[White "Wegmann, Simon"]
[Black "Balazs, Balint"]
[Result "0-1"]
[Termination "normal"]
[Board "6.3"]
[WhiteElo "1394"]
[BlackElo "1300"]
[WhiteTeam "SC Erlangen"]
[BlackTeam "Hagener SV"]
[WhiteFideId "1270758"]
[BlackFideId "12922757"]
[EventCountry "GER"]
[EventRounds "7"]
[EventType "team-swiss"]
[EventDate "2010.12.26"]

1. e4 d5 2. exd5 Qxd5 3. Nc3 Qa5 4. Bc4 Nf6 5. d3 Nc6 6. Bd2 Qc5 7. Nf3 Bg4 8.
Be3 Qd6 9. h3 Bxf3 10. Qxf3 e6 11. O-O-O Qd7 12. a3 Bd6 13. Rhe1 O-O-O 14. Bb5
a6 15. Bxc6 Qxc6 16. Qxc6 bxc6 17. f4 Nd5 18. g3 g5 19. fxg5 Bxg3 20. Re2 Nxe3
21. Rg1 Bf4 22. Kb1 Nd5 23. Ne4 Bd6 24. Rf1 Rhf8 25. c4 Ne7 26. b4 Nf5 27. Rc1
Nd4 28. Rf2 Kb7 29. Nc5+ Bxc5 30. bxc5 Nb3 31. Rb2 Rxd3 32. Kc2 Rxh3 33. Rxb3+
Rxb3 34. Kxb3 Rg8 35. Rh1 Rg7 36. a4 a5 37. Kc3 Kc8 38. Kd4 Kd7 39. Ke4 Ke7 40.
Kf4 Kf8 41. Rh5 Kg8 42. Ke5 Rg6 43. Kf4 Kg7 44. Ke5 Kh8 45. Kf4 Rg8 46. Rh6 Kg7
47. Rf6 Rb8 48. Ke4 Rb4 49. Kd4 Rxa4 50. Kc3 Ra1 51. Kb3 Rg1 52. Ka4 Rxg5 53.
Rf4 Rxc5 54. Kb3 Kg6 55. Rf1 h5 56. Kc3 Rf5 57. Rg1+ Rg5 58. Rd1 h4 59. Kd3 h3
60. Rh1 Rh5 61. Ke3 h2 62. Kf3 Kf5 63. Kg2 Ke4 64. Re1+ Kd4 65. Kh1 Kxc4 66.
Rc1+ Kb5 67. Rb1+ Ka6 68. Ra1 Rh4 69. Ra2 a4 70. Rc2 Kb5 71. Rb2+ Kc4 72. Rc2+
Kb3 73. Rg2 a3 74. Rg3+ Kb2 75. Rg2+ Kb1 76. Rf2 a2 77. Rf1+ Kb2 78. Rf2+ Kb3
79. Rf3+ Kb4 80. Rf1 Rh3 81. Rf4+ Kb3 82. Rf1 c5 0-1

[Event "DVM U12 2010"]
[Site "Templin OT Groß Dölln GER"]
[Date "2010.12.29"]
[Round "5"]
[White "Hoppe, Andreas"]
[Black "Tong, Kevin"]
[Result "1/2-1/2"]
[Termination "normal"]
[Board "6.4"]
[WhiteElo "1193"]
[BlackElo "1407"]
[WhiteTeam "Hagener SV"]
[BlackTeam "SC Erlangen"]
[WhiteFideId "12922811"]
[BlackFideId "12913944"]
[EventCountry "GER"]
[EventRounds "7"]
[EventType "team-swiss"]
[EventDate "2010.12.26"]

1. d4 Nf6 2. Bf4 e6 3. Nc3 Bb4 4. Qd2 b6 5. f3 d5 6. e3 O-O 7. O-O-O c5 8. g4
Bb7 9. h4 Bxc3 10. Qxc3 cxd4 11. exd4 Nc6 12. Bd3 Rc8 13. Ne2 Ne5 14. Qd2 Nxd3+
15. Qxd3 Qd7 16. h5 Qc6 17. Nc3 Qc4 18. Qd2 b5 19. Rdg1 b4 20. Ne2 Qxa2 21. c3
b3 22. Kd1 Qa1+ 23. Nc1 Nd7 24. Ke2 Qa6+ 25. Kf2 Nb6 26. Nxb3 Nc4 27. Qc2 Qa2
28. Ra1 Qxb2 29. Qxb2 Nxb2 30. Rxa7 Bc6 31. Kg3 Ra8 32. Rha1 Nc4 33. Rxa8 Rxa8
34. Rxa8+ Bxa8 35. h6 Bc6 36. Nd2 $11 Bb5 37. Nxc4 Bxc4 38. Bd2 f6 39. g5 fxg5
40. Bxg5 g6 41. Kg4 $11 Kf7 42. f4 Be2+ 43. Kg3 Bd3 44. Kf3 1/2-1/2

[Event "DVM U12 2010"]
[Site "Templin OT Groß Dölln GER"]
[Date "2010.12.29"]
[Round "5"]
[White "Birnkraut, Tim"]
[Black "Gast, Benedikt"]
[Result "1-0"]
[Termination "normal"]
[Board "7.1"]
[WhiteElo "1686"]
[BlackElo "1434"]
[WhiteTeam "SF Brackel"]
[BlackTeam "SV Breitenworbis"]
[WhiteFideId "24609587"]
[BlackFideId "12937967"]
[EventCountry "GER"]
[EventRounds "7"]
[EventType "team-swiss"]
[EventDate "2010.12.26"]

1. e4 e5 2. Nf3 d6 3. Nc3 Be7 4. d4 exd4 5. Nxd4 Nf6 6. Bc4 O-O 7. O-O c6 8.
Nf3 Bg4 9. Bf4 Qd7 10. Qd3 Rd8 11. Rad1 b5 12. Bb3 b4 13. Ne2 a5 14. c3 d5 15.
exd5 cxd5 16. Ng3 Na6 17. Ne5 Qc8 18. Nxg4 Qxg4 19. Qf5 Qxf5 20. Nxf5 Bc5 21.
Bg5 Nc7 22. cxb4 Bxb4 23. Nd4 Rd6 24. Bf4 Rd7 25. Ba4 Re7 26. Nf5 Ne6 27. Nxe7+
Bxe7 28. Be3 Rb8 29. b3 Ne4 30. Rxd5 Bb4 31. a3 Bxa3 32. Rxa5 Bd6 33. Rb5 Rc8
34. Rd5 Be7 35. Bd7 Rb8 36. Rb5 Rd8 37. Bxe6 fxe6 38. Re5 Nf6 39. Rxe6 Bf8 40.
Bg5 Rb8 41. Rb1 Nd5 42. Bd2 Kf7 43. Re5 Nf6 44. Ra5 Ne4 45. Be1 Bb4 46. Bxb4
Rxb4 47. Ra4 Rxa4 48. bxa4 Ke6 49. Rb7 Kf6 50. a5 Nc5 51. Rb6+ Ke7 52. a6 Nxa6
53. Rxa6 h6 54. g3 1-0

[Event "DVM U12 2010"]
[Site "Templin OT Groß Dölln GER"]
[Date "2010.12.29"]
[Round "5"]
[White "Vergin, Marcel"]
[Black "Wastian, Jan"]
[Result "1-0"]
[Termination "normal"]
[Board "7.2"]
[WhiteElo "1182"]
[BlackElo "1409"]
[WhiteTeam "SV Breitenworbis"]
[BlackTeam "SF Brackel"]
[BlackFideId "12911640"]
[EventCountry "GER"]
[EventRounds "7"]
[EventType "team-swiss"]
[EventDate "2010.12.26"]

1. d4 {[%emt 0:00:00]} d5 2. Nf3 Nf6 3. e3 e6 4. Bd3 Bd6 5. Nbd2 O-O 6. O-O c5
7. c3 Nc6 8. dxc5 Bxc5 9. e4 e5 10. Re1 Bg4 11. Qc2 d4 12. a3 dxc3 13. Qxc3 Bd4
14. Nxd4 Nxd4 15. b4 Bh5 16. Nb3 Rc8 17. Qb2 Nf3+ 18. gxf3 Qxd3 19. Re3 Qd7 20.
Qxe5 Rfe8 21. Qg3 Re6 22. Bb2 Nxe4 23. Qxg7# 1-0

[Event "DVM U12 2010"]
[Site "Templin OT Groß Dölln GER"]
[Date "2010.12.29"]
[Round "5"]
[White "Hlopotov, Nikita"]
[Black "Schirmer, Christoph"]
[Result "0-1"]
[Termination "normal"]
[Board "7.3"]
[WhiteElo "1318"]
[BlackElo "1086"]
[WhiteTeam "SF Brackel"]
[BlackTeam "SV Breitenworbis"]
[WhiteFideId "12964794"]
[EventCountry "GER"]
[EventRounds "7"]
[EventType "team-swiss"]
[EventDate "2010.12.26"]

1. e4 e5 2. Nf3 d6 3. Nc3 Nc6 4. Bb5 d5 5. Ba4 b5 6. Bb3 Be6 7. d4 Bg4 8. Qd3
Nf6 9. Bg5 Bxf3 10. Qxf3 Nxd4 11. Qg3 Nxb3 12. cxb3 h6 13. Be3 b4 14. Nxd5 Nxd5
15. exd5 g6 16. O-O Bg7 17. Rfe1 O-O 18. Qh3 g5 19. Bd2 a5 20. Re4 f5 21. Rc4
Qe7 22. Rac1 Rac8 23. a3 Qf7 24. axb4 Qxd5 25. Qe3 f4 26. Qe2 f3 27. gxf3 Qxf3
28. Qxf3 Rxf3 29. Rxc7 Rxc7 30. Rxc7 axb4 31. Bxb4 Rxb3 32. Bd6 Rxb2 33. Rc5 e4
34. Be5 Bxe5 35. Rxe5 Rb4 36. Kg2 Kf7 37. Kg3 Kf6 38. Re8 h5 39. Rf8+ Kg6 40.
Rg8+ Kf6 41. Rf8+ Kg7 42. Re8 Kf7 43. Rh8 h4+ 44. Kg2 Kf6 45. Rf8+ Ke5 46. Kf1
Rb3 47. Ke2 Rh3 48. Re8+ Kf4 49. Rf8+ Kg4 50. Re8 Rxh2 51. Rxe4+ Kf5 52. Rc4 h3
53. Kf1 Rh1+ 54. Ke2 h2 55. Kf3 Rg1 56. Rc5+ Kg6 57. Rc6+ Kh5 58. Rc8 h1=Q+ 59.
Ke3 Qh3+ 0-1

[Event "DVM U12 2010"]
[Site "Templin OT Groß Dölln GER"]
[Date "2010.12.29"]
[Round "5"]
[White "Richardt, Angelina"]
[Black "Seibert, David"]
[Result "1/2-1/2"]
[Termination "normal"]
[Board "7.4"]
[WhiteElo "1101"]
[BlackElo "1106"]
[WhiteTeam "SV Breitenworbis"]
[BlackTeam "SF Brackel"]
[WhiteFideId "12938149"]
[BlackFideId "12945641"]
[EventCountry "GER"]
[EventRounds "7"]
[EventType "team-swiss"]
[EventDate "2010.12.26"]

1. e4 d5 2. exd5 Qxd5 3. Nf3 Nf6 4. c3 Bg4 5. Be2 Nc6 6. O-O O-O-O 7. d4 e5 8.
h3 Bxf3 9. Bxf3 Qd6 10. Bxc6 Qxc6 11. Be3 exd4 12. Bxd4 Bc5 13. Qd3 Bxd4 14.
cxd4 Qe4 15. Rd1 Qxd3 16. Rxd3 Rhe8 17. Nc3 c5 18. Rad1 cxd4 19. Rxd4 Rxd4 20.
Rxd4 Kc7 21. b4 Re6 22. a4 a6 23. a5 Rc6 24. Nd5+ Nxd5 25. Rxd5 Rd6 26. Re5 Re6
27. Rd5 Rd6 28. Re5 Kd7 29. Re3 Rd4 30. Rb3 Kd6 31. b5 axb5 32. Rxb5 Kc6 33.
Rb6+ Kc7 34. Rb5 Rd6 35. Kf1 b6 36. Ke2 bxa5 37. Rxa5 Rg6 38. Kf3 Rf6+ 39. Ke2
Re6+ 40. Kf1 Kb6 41. Ra3 Kc5 42. g4 h6 43. Kg2 Kd5 44. f4 Re1 45. Kf3 Rf1+ 46.
Kg3 Re1 47. f5 Re7 48. Rf3 f6 49. h4 Re5 50. h5 Re7 51. Kf4 Re4+ 52. Kg3 Kd6
53. Rf4 Re3+ 54. Rf3 Re4 55. Rf4 Re5 56. Rd4+ Kc6 57. Kf4 Re7 58. Rd3 Ra7 59.
Ke4 Re7+ 60. Kf4 Ra7 61. Ke4 Ra4+ 62. Rd4 Ra1 63. Kf4 Rf1+ 64. Kg3 Rg1+ 65. Kf4
Rf1+ 66. Kg3 Re1 67. Rd3 Re4 68. Kf3 Re5 69. Kf4 Re7 70. Kg3 Kc5 71. Kf4 Kc4
72. Rd2 Kc3 73. Rd5 Kc4 74. Rd2 Kc5 75. Rd3 Kc6 76. Rd4 Kc5 77. Rd3 Kc4 78. Rd2
Kc5 79. Rd3 Kc6 80. Rd4 Kc7 81. Rd5 1/2-1/2

[Event "DVM U12 2010"]
[Site "Templin OT Groß Dölln GER"]
[Date "2010.12.29"]
[Round "5"]
[White "Ridder, David"]
[Black "Scheinhütte, Jakob"]
[Result "1/2-1/2"]
[Termination "normal"]
[Board "8.1"]
[WhiteElo "1476"]
[BlackElo "1587"]
[WhiteTeam "SG Turm Raesfeld/Erle"]
[BlackTeam "SV Empor Berlin"]
[WhiteFideId "12964867"]
[BlackFideId "24693944"]
[EventCountry "GER"]
[EventRounds "7"]
[EventType "team-swiss"]
[EventDate "2010.12.26"]

1. e4 e6 2. d4 d5 3. e5 c5 4. c3 Nc6 5. Nf3 Nge7 6. Bd3 Qb6 7. O-O cxd4 8. cxd4
Bd7 9. Bc2 Nb4 10. Nc3 Nxc2 11. Qxc2 Nc6 12. Be3 Be7 13. Rab1 Rc8 14. Qd1 O-O
15. Ng5 Bxg5 16. Bxg5 Qxd4 17. Qxd4 Nxd4 18. Rbd1 Nb5 19. Ne4 Bc6 20. Ng3 f6
21. exf6 gxf6 22. Bh6 Rfd8 23. Rd3 Kf7 24. Re1 Nd6 25. Bd2 Bb5 26. Rb3 Bc4 27.
Ra3 Nb5 28. Ra4 Rc6 29. h3 Rdc8 30. b3 Bd3 31. Be3 b6 32. Rd1 Bg6 33. Rb4 Nc3
34. Rc1 a5 35. Rxb6 1/2-1/2

[Event "DVM U12 2010"]
[Site "Templin OT Groß Dölln GER"]
[Date "2010.12.29"]
[Round "5"]
[White "Schmid, Floyd"]
[Black "Tünte, Marcel"]
[Result "1-0"]
[Termination "normal"]
[Board "8.2"]
[WhiteElo "1527"]
[BlackElo "1300"]
[WhiteTeam "SV Empor Berlin"]
[BlackTeam "SG Turm Raesfeld/Erle"]
[WhiteFideId "24686069"]
[BlackFideId "12964875"]
[EventCountry "GER"]
[EventRounds "7"]
[EventType "team-swiss"]
[EventDate "2010.12.26"]

1. e4 e5 2. Nf3 Nc6 3. Bc4 Bc5 4. c3 Nf6 5. d3 d6 6. Bg5 h6 7. Bh4 O-O 8. O-O
Be6 9. Bb3 Bg4 10. h3 Bh5 11. Nbd2 Re8 12. Re1 Qe7 13. a4 a6 14. Ba2 b5 15.
Bxf6 Qxf6 16. Bd5 Na7 17. Bxa8 Rxa8 18. b4 Bb6 19. a5 Bxa5 20. Rxa5 Nc6 21. Ra2
Qe6 22. Qb3 Qc8 23. Rea1 Ne7 24. c4 c6 25. cxb5 cxb5 26. Qc2 Qb7 27. Rc1 Rc8
28. Qb1 Ra8 29. Rac2 Qd7 30. Rc7 Qd8 31. Qa2 Bg6 32. Nh4 Qe8 33. Nxg6 Nxg6 34.
Qd5 Rd8 35. Qc6 Nf4 36. Qxe8+ Rxe8 37. R1c6 Nxd3 38. Rxa6 Nxb4 39. Rb6 Nd3 40.
Rxb5 Nc5 41. f3 Rd8 42. Nc4 Ne6 43. Rcb7 Kf8 44. Rb8 Ke7 45. Rxd8 Nxd8 46. Rd5
f6 47. Rxd6 Ne6 48. Rb6 Nc5 49. Ne3 Kf7 50. Rc6 Ne6 51. Nf5 Nd4 52. Nxd4 exd4
53. Rd6 Kg6 54. Rxd4 Kg5 55. Kf2 h5 56. Rd5+ Kh6 57. f4 Kg6 58. e5 fxe5 59.
fxe5 1-0

[Event "DVM U12 2010"]
[Site "Templin OT Groß Dölln GER"]
[Date "2010.12.29"]
[Round "5"]
[White "Tünte, Hendrik"]
[Black "Hertzfeldt, Leon"]
[Result "1/2-1/2"]
[Termination "normal"]
[Board "8.3"]
[WhiteElo "1267"]
[BlackElo "1349"]
[WhiteTeam "SG Turm Raesfeld/Erle"]
[BlackTeam "SV Empor Berlin"]
[WhiteFideId "12964883"]
[EventCountry "GER"]
[EventRounds "7"]
[EventType "team-swiss"]
[EventDate "2010.12.26"]

1. e4 c5 2. Bc4 d6 3. d3 Nf6 4. Nf3 e6 5. O-O Be7 6. Nbd2 a6 7. c3 b5 8. Bb3
Bb7 9. Re1 O-O 10. Bc2 Qc7 11. d4 cxd4 12. Nxd4 Nc6 13. N4f3 Rac8 14. a3 Nd7
15. Nf1 Nce5 16. Nxe5 Nxe5 17. Bf4 Ng6 18. Qd2 Rcd8 19. Re2 Nxf4 20. Qxf4 Qc4
21. Re3 Qc5 22. Rg3 Qh5 23. Rh3 Qg5 24. Qxg5 Bxg5 25. Re1 Rd7 26. e5 g6 27. Rd1
Bf4 28. exd6 Rxd6 29. Rxd6 Bxd6 30. Rd3 Rd8 31. f3 Bc5+ 32. Kh1 Rxd3 33. Bxd3
Kg7 34. Ng3 f5 35. Ne2 e5 36. Ng3 Kf6 37. c4 Bc6 38. cxb5 axb5 39. Ne2 b4 40.
axb4 Bxb4 41. Kg1 Bd6 42. Bc4 Kg5 43. h3 e4 44. fxe4 Bxe4 45. Nc3 Bc5+ 46. Kf1
Bc6 47. Bd5 Bxd5 48. Nxd5 Kh4 49. b4 Ba7 50. b5 Kg3 51. b6 Bb8 52. b7 f4 53.
Nf6 1/2-1/2

[Event "DVM U12 2010"]
[Site "Templin OT Groß Dölln GER"]
[Date "2010.12.29"]
[Round "5"]
[White "Henke, Georg"]
[Black "Beckmann, Klaus"]
[Result "1/2-1/2"]
[Termination "normal"]
[Board "8.4"]
[WhiteElo "1430"]
[BlackElo "1153"]
[WhiteTeam "SV Empor Berlin"]
[BlackTeam "SG Turm Raesfeld/Erle"]
[WhiteFideId "24693936"]
[BlackFideId "12964905"]
[EventCountry "GER"]
[EventRounds "7"]
[EventType "team-swiss"]
[EventDate "2010.12.26"]

1. e4 e5 2. Nf3 Nc6 3. Bc4 Bc5 4. O-O d6 5. c3 Nf6 6. d4 exd4 7. cxd4 Bb6 8.
Nc3 Bg4 9. Bb5 O-O 10. Be3 Bxf3 11. gxf3 Ba5 12. Kh1 a6 13. Bc4 Qd7 14. Rg1 Kh8
15. Qf1 Rg8 16. Qg2 Bxc3 17. bxc3 d5 18. Bd3 Rae8 19. Rab1 dxe4 20. fxe4 Rb8
21. Bc4 b5 22. Bb3 Ne7 23. Bxf7 g6 24. Bxg8 Kxg8 25. Bg5 Nh5 26. Bxe7 Qxe7 27.
Qg4 c6 28. Qxh5 Qxe4+ 29. f3 Qxb1 30. Rxb1 gxh5 31. Rg1+ Kh8 32. Rb1 Re8 33. c4
1/2-1/2

[Event "DVM U12 2010"]
[Site "Templin OT Groß Dölln GER"]
[Date "2010.12.29"]
[Round "5"]
[White "Hamid, Emran"]
[Black "Niediek, Cedric"]
[Result "1/2-1/2"]
[Termination "normal"]
[Board "9.1"]
[WhiteElo "1750"]
[BlackElo "1715"]
[WhiteTeam "SC Pforzheim"]
[BlackTeam "LSV Turm Lippstadt"]
[WhiteFideId "12903566"]
[EventCountry "GER"]
[EventRounds "7"]
[EventType "team-swiss"]
[EventDate "2010.12.26"]

1. c4 e5 2. g3 Nf6 3. Bg2 Bc5 4. Nc3 O-O 5. e3 c6 6. Nge2 Re8 7. O-O d5 8. cxd5
cxd5 9. d4 exd4 10. Nxd4 Bxd4 11. Qxd4 Nc6 12. Qd2 Be6 13. h3 Qa5 14. Ne2 Qxd2
15. Bxd2 Rac8 16. Bc3 Ne4 17. Bd4 Nxd4 18. Nxd4 a6 19. Rac1 Nf6 20. Rfd1 h6
1/2-1/2

[Event "DVM U12 2010"]
[Site "Templin OT Groß Dölln GER"]
[Date "2010.12.29"]
[Round "5"]
[White "Reale, Salvatore"]
[Black "Hartmann, Martin"]
[Result "0-1"]
[Termination "normal"]
[Board "9.2"]
[WhiteElo "1332"]
[BlackElo "1259"]
[WhiteTeam "LSV Turm Lippstadt"]
[BlackTeam "SC Pforzheim"]
[BlackFideId "12911925"]
[EventCountry "GER"]
[EventRounds "7"]
[EventType "team-swiss"]
[EventDate "2010.12.26"]

1. c4 e5 2. Nc3 Nf6 3. e4 c6 4. d3 d5 5. b3 d4 6. Nce2 Bb4+ 7. Bd2 Qa5 8. Nf3
Bxd2+ 9. Qxd2 Qxd2+ 10. Kxd2 Nbd7 11. h3 Ke7 12. Nh4 g6 13. g3 b5 14. f4 bxc4
15. bxc4 c5 16. f5 g5 17. Nf3 h6 18. g4 Bb7 19. Rb1 Rab8 20. h4 Bc6 21. Rb3 Ba4
22. Ra3 Rb2+ 23. Kc1 Rc2+ 24. Kb1 Rb8+ 25. Ka1 Rcb2 26. Bh3 Bc2 27. Rb3 Bxb3
28. Kxb2 Bd1+ 29. Kc1 Bxe2 30. Ne1 Bxg4 31. hxg5 hxg5 32. Bxg4 Nxg4 33. Rg1
Ndf6 34. Nf3 Nf2 35. Nxe5 Rg8 36. Rg2 Nh3 37. Nc6+ Kd7 38. Ne5+ Ke8 39. Rb2 Nd7
40. Ng4 Nf4 41. Nf6+ Nxf6 42. Rb8+ Ke7 43. Rxg8 Nxg8 44. Kd2 Nf6 45. e5 Ng4 46.
a3 Nxe5 47. Ke1 Nfxd3+ 48. Ke2 Nf4+ 49. Kf2 g4 50. a4 d3 51. Ke1 g3 0-1

[Event "DVM U12 2010"]
[Site "Templin OT Groß Dölln GER"]
[Date "2010.12.29"]
[Round "5"]
[White "Shabani, Shabi"]
[Black "Pusch, Moritz"]
[Result "1-0"]
[Termination "normal"]
[Board "9.3"]
[WhiteElo "1233"]
[BlackElo "832"]
[WhiteTeam "SC Pforzheim"]
[BlackTeam "LSV Turm Lippstadt"]
[EventCountry "GER"]
[EventRounds "7"]
[EventType "team-swiss"]
[EventDate "2010.12.26"]

1. e4 e5 2. Nf3 Nc6 3. Bc4 Bc5 4. d3 d6 5. Be3 Bxe3 6. fxe3 Bg4 7. Nc3 Nf6 8.
g3 Bxf3 9. Qxf3 Qe7 10. Nd5 Qd7 11. Nxf6+ gxf6 12. Qxf6 Rf8 13. O-O Nb4 14. Bb3
a5 15. a3 Nc6 16. d4 exd4 17. exd4 a4 18. Bd5 Nd8 19. e5 dxe5 20. Qxe5+ Qe7 21.
Qxe7+ Kxe7 22. Rae1+ Kd6 23. c4 c6 24. Be4 b5 25. Rf6+ Kc7 26. Rc1 bxc4 27.
Rxc4 Ra6 28. d5 Kc8 29. dxc6 Kc7 30. Bxh7 Ne6 31. h4 Rxc6 32. Rxc6+ Kxc6 33.
Bf5 Re8 34. Rxf7 Kd5 35. Bxe6+ Rxe6 36. Rf5+ Kc6 37. Rf4 Kb5 38. Rb4+ Ka5 39.
Kh2 Rh6 40. Kh3 Rg6 41. h5 Rg7 42. g4 Rh7 43. Kh4 Rg7 44. g5 Ka6 45. h6 Rh7 46.
Kh5 Rh8 47. g6 1-0

[Event "DVM U12 2010"]
[Site "Templin OT Groß Dölln GER"]
[Date "2010.12.29"]
[Round "5"]
[White "Stryschik, Tobias"]
[Black "Schesler, Rudolf"]
[Result "1-0"]
[Termination "normal"]
[Board "9.4"]
[WhiteElo "825"]
[BlackElo "841"]
[WhiteTeam "LSV Turm Lippstadt"]
[BlackTeam "SC Pforzheim"]
[EventCountry "GER"]
[EventRounds "7"]
[EventType "team-swiss"]
[EventDate "2010.12.26"]

1. e4 e5 2. Nf3 Nc6 3. Nc3 Bc5 4. Bc4 Nf6 5. d3 d6 6. Bg5 Bg4 7. h3 h6 8. hxg4
hxg5 9. Rxh8+ Ke7 10. Rxd8 Rxd8 11. Nxg5 Rh8 12. Ke2 Nd4+ 13. Kd2 Nxg4 14. Qxg4
b5 15. Nxb5 Bb4+ 16. c3 Nxb5 17. cxb4 Nd4 18. Nxf7 Rf8 19. Qxg7 c6 20. Qg5+ Kd7
21. Qg7 Ne6 22. Bxe6+ Kxe6 23. Qxf8 Kf6 24. Nxd6+ Ke6 25. Nc8 Kd7 26. Rc1 a5
27. Qe7+ Kxc8 28. Rxc6+ Kb8 29. Qc7+ Ka8 30. Ra6# 1-0